| Tag |
First Indicator |
Second Indicator |
Subfields |
| LEADER |
00000nam a2200000 a 4500 |
| 001 |
in00004681237 |
| 006 |
m o d |
| 007 |
cr un||||||||| |
| 008 |
120711s1989 dcua ob 100 0 eng d |
| 005 |
20260214200953.8 |
| 020 |
|
|
|a 9781118668153
|q (electronic bk.)
|
| 020 |
|
|
|a 1118668154
|q (electronic bk.)
|
| 020 |
|
|
|z 0875905927
|
| 020 |
|
|
|z 9780875905921
|
| 035 |
|
|
|a wil6007436
|
| 035 |
|
|
|a (NhCcYBP)wil6007436
|
| 040 |
|
|
|a NhCcYBP
|b eng
|c NhCcYBP
|
| 043 |
|
|
|a n-us-ny
|
| 050 |
|
4 |
|a QE146.A2
|b A35 1989
|
| 082 |
0 |
4 |
|a 551.7/1
|2 23
|
| 245 |
0 |
4 |
|a The Adirondack Mountains, a section of deep Proterozoic crust :
|b Montreal, Canada to Albany, New York, June 30-July 8, 1989 /
|c Philip R. Whitney ... [et al. ; leaders, Steven R. Bohlen, John W. Valley and Philip R. Whitney].
|
| 260 |
|
|
|a Washington, D.C. :
|b American Geophysical Union,
|c ©1989.
|
| 300 |
|
|
|a 1 online resource (vii, 63 pages) :
|b illustrations
|
| 336 |
|
|
|a text
|b txt
|2 rdacontent
|
| 337 |
|
|
|a computer
|b c
|2 rdamedia
|
| 338 |
|
|
|a online resource
|b cr
|2 rdacarrier
|
| 490 |
1 |
|
|a Field trip guidebook ;
|v T164
|
| 500 |
|
|
|a On cover: 28th International Geological Congress.
|
| 504 |
|
|
|a Includes bibliographical references (pages 56-62).
|
| 588 |
0 |
|
|a Print version record.
|
| 650 |
|
0 |
|a Geology
|z New York (State)
|z Adirondack Mountains
|v Guidebooks.
|
| 650 |
|
0 |
|a Geology, Stratigraphic
|y Precambrian.
|
| 655 |
|
4 |
|a Electronic books.
|
| 700 |
1 |
|
|a Whitney, Philip R.
|q (Philip Roy),
|d 1935-
|
| 700 |
1 |
|
|a Bohlen, Steven R.
|
| 700 |
1 |
|
|a Valley, John W.
|
| 710 |
2 |
|
|a American Geophysical Union.
|
| 711 |
2 |
|
|a International Geological Congress
|n (28th :
|d 1989 :
|c Washington, D.C.)
|
| 776 |
0 |
8 |
|i Print version:
|t Adirondack Mountains, a section of deep Proterozoic crust.
|d Washington, D.C. : American Geophysical Union, ©1989
|z 0875905927
|
| 830 |
|
0 |
|a Field trip guidebook (International Geological Congress (28th : 1989 : Washington, D.C.)) ;
|v T164.
|
| 856 |
4 |
0 |
|u http://proxy.library.tamu.edu/login?url=https://onlinelibrary.wiley.com/book/10.1029/FT164
|z Connect to the full text of this electronic book
|t 0
|
| 955 |
|
|
|a Wiley EBA record
|
| 975 |
|
|
|p Wiley UBCM Full Collection 2026
|
| 999 |
f |
f |
|s e1603956-4d60-4079-81e6-e29577532600
|i 1ac1491d-8864-45f0-a40d-08d087dede7e
|t 0
|
| 952 |
f |
f |
|a Texas A&M University
|b College Station
|c Electronic Resources
|s evans_pda
|d Available Online
|t 0
|e QE146.A2 A35 1989
|h Library of Congress classification
|
| 998 |
f |
f |
|a QE146.A2 A35 1989
|t 0
|l Available Online
|